000 00984nam a22002657a 4500
999 _c64264
_d64264
005 20240530110723.0
008 180402s2017 ua g 000 0 ara d
017 _a2016/27824
_bمصر. دار الكتب
020 _a9789774952913
040 _aEG-CaGPL
_cEG-CaGPL
082 0 4 _221
_a247 /
_bم ف
100 0 _aمحمد فياض
245 1 0 _aفرق الشيعة :
_bبين النشأة والتطور والعمل السياسى /
_cتاليف محمد فياض
250 _aط.1
260 _aالقاهرة :
_bدار العالم العربى ،
_c2017.
300 _a285 ص. ؛
_c24 سم .
490 0 _aصفحات جديدة من التاريخ الاسلامى.
650 0 7 _2qrmak
_aالشيعة
650 0 7 _2qrmak
_aالحركات الفكرية عند المسلمين
650 0 7 _2qrmak
_aالفرق الاسلامية
650 0 7 _2qrmak
_aعقائد الشيعة
651 _2qrmak
942 _2ddc
_cBK